Reconnaissance survey of the Headstone mining district Rio Arriba County, New Mexico.

Bibliographic Details
Main Author: Benjovsky, T. D.
Format: Book
Language:English
Published: Socorro, [publisher not identified] ; 1945.
Series:Circular (New Mexico. Bureau of Mines and Mineral Resources) ; 11.
Subjects:

MARC

Tag First Indicator Second Indicator Subfields
LEADER 00000cam a2200000 i 4500
001 in00000096299
005 20150925090037.0
008 791024s1945 nmub 00000 eng d
010 |a  46000004  
035 |a (OCoLC)05582999 
035 |9 AAL2264AM 
040 |a NNMT  |c NMT  |d TXA  |d UtOrBLW 
049 |a TXAM  |c [435329] 
090 |a TN24.N6  |b A235 no. 11 
100 1 |a Benjovsky, T. D. 
245 1 0 |a Reconnaissance survey of the Headstone mining district Rio Arriba County, New Mexico. 
264 1 |a Socorro,  |b [publisher not identified] ;  |c 1945. 
300 |a 10 numbered :  |b map ;  |c 28cm. 
336 |a text  |b txt  |2 rdacontent 
337 |a unmediated  |b n  |2 rdamedia 
338 |a volume  |b nc  |2 rdacarrier 
490 1 |a New Mexico. School of Mines, Socorro. State Bureau of Mines and Mineral Resources. Circular ; 11 
650 0 |a Gold mines and mining  |z New Mexico  |z Rio Arriba County. 
740 0 |a Headstone mining district, Rio Arriba County, New Mexico. 
830 0 |a Circular (New Mexico. Bureau of Mines and Mineral Resources) ;  |v 11. 
999 |a MARS 
999 f f |s 7a4c7ce2-d21e-3eb9-8353-9a94884fd308  |i ef46eda9-daf6-3584-95d6-0689d512b504  |t 0 
952 f f |p ric  |a Texas A&M University  |b Rellis Campus  |c Joint Library Facility  |d Remote Storage  |t 0  |e TN24.N6 A235 no.11  |h Library of Congress classification  |i unmediated -- volume  |m A14805566422 
998 f f |a TN24.N6 A235 no.11  |t 0  |l Remote Storage